000
00308nam a22001337a 4500
008
171018b xxu||||| |||| 00| 0 eng d
020
_a
9780071435086
041
_a
eng
080
_a
338
100
_a
53
101
_a
MEN
245
_a
CONQUERING COMPLEXITY IN YOUR BUSINESS
_c
GEORGE,M,L
942
_2
udc
_c
BK
999
_c
34603
_d
34603